[Event "31è Open International d'Avoine 2016"]
[Site "Avoine"]
[Date "2016.07.23"]
[Round "6.1"]
[White "Inkiov, Ventzislav"]
[Black "Fedorchuk, Sergey A"]
[Result "1/2-1/2"]
[WhiteElo "2467"]
[BlackElo "2624"]
[PlyCount "80"]
[EventDate "2016.??.??"]

1. d4 Nf6 2. c4 e6 3. Nf3 b6 4. g3 Bb7 5. Bg2 Be7 6. O-O O-O 7. Nc3 Ne4 8. Bd2
Bf6 9. Rc1 Nxd2 10. Qxd2 d6 11. d5 Qe7 12. Ne4 Nd7 13. Nxf6+ Nxf6 14. Nd4 Kh8
15. Rfd1 g6 16. Qg5 e5 17. Nb5 Kg7 18. b4 a6 19. Nc3 h6 20. Qd2 Rfc8 21. Qb2
Rab8 22. Qa3 a5 23. bxa5 Ra8 24. c5 dxc5 25. Qb2 Rxa5 26. d6 cxd6 27. Qxb6 Bxg2
28. Qxa5 Bc6 29. Qa6 Rc7 30. e4 h5 31. h4 c4 32. Nd5 Bxd5 33. exd5 Ng4 34. Rxc4
Ra7 35. Qc6 Rxa2 36. Rc2 Ra3 37. Rf1 Rd3 38. Rc3 Rd2 39. Rc2 Rd3 40. Rc3 Rd2
1/2-1/2

[Event "31è Open International d'Avoine 2016"]
[Site "Avoine"]
[Date "2016.07.23"]
[Round "6.2"]
[White "Devallee, Jeremie"]
[Black "Stets, Dmitry"]
[Result "1/2-1/2"]
[WhiteElo "2284"]
[BlackElo "2416"]
[PlyCount "51"]
[EventDate "2016.??.??"]

1. e4 c5 2. d4 cxd4 3. c3 Nf6 4. e5 Nd5 5. Nf3 Nc6 6. Bc4 e6 7. cxd4 d6 8. O-O
Be7 9. Qe2 O-O 10. Nc3 Nxc3 11. bxc3 dxe5 12. dxe5 b6 13. Qe4 Qc7 14. Bg5 Bb7
15. Bd3 g6 16. Qh4 Rfe8 17. Bf6 Bf8 18. Ng5 h6 19. Rfe1 Ne7 20. c4 Rac8 21. Qh3
Nf5 22. Rac1 Bg7 23. Ne4 Bxe4 24. Bxe4 Bxf6 25. exf6 h5 26. g4 1/2-1/2

[Event "31è Open International d'Avoine 2016"]
[Site "Avoine"]
[Date "2016.07.23"]
[Round "6.3"]
[White "Maiorov, Nikita"]
[Black "Eden, James"]
[Result "1-0"]
[WhiteElo "2541"]
[BlackElo "2293"]
[PlyCount "135"]
[EventDate "2016.??.??"]

1. g3 d5 2. Nf3 Nf6 3. Bg2 c6 4. O-O Bg4 5. c4 e6 6. d3 Nbd7 7. cxd5 exd5 8.
Nc3 Be7 9. h3 Bh5 10. Qc2 O-O 11. Nd4 Bc5 12. Nb3 Bb6 13. Na4 Bc7 14. e4 dxe4
15. dxe4 Bg6 16. Bd2 Re8 17. Rae1 Qe7 18. Nc3 Nc5 19. Bg5 Ne6 20. Bc1 Bb6 21.
Na4 Nd4 22. Qc4 Nxb3 23. Qxb3 Bd4 24. Nc3 a5 25. e5 Bd3 26. Ne2 Bxe2 27. Rxe2
Bxe5 28. Bf4 Qc7 29. Rxe5 Rxe5 30. Bxe5 Qxe5 31. Qxb7 Rb8 32. Qxc6 Rxb2 33.
Qc8+ Qe8 34. Qc4 Qe2 35. Qxe2 Rxe2 36. Rb1 Kf8 37. a4 Ra2 38. Rb8+ Ke7 39. Rb7+
Ke6 40. Bc6 Rc2 41. Bf3 Rc4 42. Rb6+ Kd7 43. Ra6 Rc5 44. Be2 Nd5 45. Bb5+ Kc8
46. Ra8+ Kb7 47. Rg8 Nc3 48. Be8 Rc8 49. Bxf7 Rxg8 50. Bxg8 Nxa4 51. Bxh7 Nc3
52. Kg2 a4 53. Bg8 Kc6 54. Kf3 Nd5 55. Bf7 a3 56. Ke4 Nb4 57. Kf5 Nd5 58. Ke5
Nc3 59. h4 Kc5 60. g4 Nd1 61. f3 Ne3 62. Ba2 Nc4+ 63. Kf4 Kd4 64. h5 Kc3 65. g5
Nd2 66. h6 gxh6 67. gxh6 Kb2 68. Bf7 1-0

[Event "31è Open International d'Avoine 2016"]
[Site "Avoine"]
[Date "2016.07.23"]
[Round "6.4"]
[White "Filip, Lucian"]
[Black "Bogdanov, Egor"]
[Result "1/2-1/2"]
[WhiteElo "2440"]
[BlackElo "2269"]
[PlyCount "53"]
[EventDate "2016.??.??"]

1. d4 Nf6 2. c4 g6 3. Nc3 Bg7 4. e4 d6 5. Nf3 O-O 6. Be2 e5 7. Be3 Ng4 8. Bg5
f6 9. Bc1 Nc6 10. h3 exd4 11. Nxd4 Nge5 12. Nxc6 Nxc6 13. Be3 f5 14. exf5 Bxf5
15. Qd2 Qd7 16. Rd1 Qf7 17. O-O Kh8 18. Nd5 Rae8 19. b3 Be4 20. Nc3 Bf5 21. Nd5
Be4 22. Nc3 Bf5 23. Bh6 Bxh6 24. Qxh6 Qg7 25. Qd2 Ne5 26. f4 Nd7 27. Bf3
1/2-1/2

[Event "31è Open International d'Avoine 2016"]
[Site "Avoine"]
[Date "2016.07.23"]
[Round "6.5"]
[White "Belenkaya, Dina"]
[Black "Colin, Vincent"]
[Result "1/2-1/2"]
[WhiteElo "2249"]
[BlackElo "2395"]
[PlyCount "61"]
[EventDate "2016.??.??"]

1. e4 d5 2. exd5 Nf6 3. d4 Nxd5 4. c4 Nb6 5. Nc3 g6 6. Nf3 Bg7 7. c5 Nd5 8. Bc4
Nxc3 9. bxc3 O-O 10. O-O Nc6 11. a4 Bg4 12. h3 Bxf3 13. Qxf3 e5 14. d5 Na5 15.
Ba2 Qh4 16. Qg4 Qxg4 17. hxg4 e4 18. Bd2 c6 19. Rad1 b6 20. cxb6 axb6 21. dxc6
Nxc6 22. Bd5 Rfc8 23. Be3 h6 24. Bxb6 Rxa4 25. c4 Ne5 26. c5 Bf8 27. Bb7 Rxc5
28. Bxc5 Bxc5 29. Rde1 e3 30. fxe3 Nxg4 31. Rf3 1/2-1/2

[Event "31è Open International d'Avoine 2016"]
[Site "Avoine"]
[Date "2016.07.23"]
[Round "6.6"]
[White "Bonnaud, Remy"]
[Black "Migot, Tangi"]
[Result "1-0"]
[WhiteElo "2237"]
[BlackElo "2381"]
[PlyCount "93"]
[EventDate "2016.??.??"]

1. e4 c5 2. c3 d6 3. d4 Nf6 4. dxc5 Nc6 5. f3 d5 6. exd5 Nxd5 7. Bc4 e6 8. Bxd5
exd5 9. Be3 b6 10. cxb6 axb6 11. Ne2 Bc5 12. Bxc5 bxc5 13. O-O O-O 14. Nd2 Ba6
15. Re1 Ne5 16. Nf4 Qg5 17. Nh3 Qf5 18. Nf2 Rfd8 19. b4 d4 20. cxd4 Rxd4 21.
bxc5 h5 22. Qc1 Qg5 23. Qc3 Rad8 24. Nde4 Qf4 25. Nd6 Nd3 26. Nxd3 Rxd3 27. Qe5
Qxe5 28. Rxe5 h4 29. h3 Rc3 30. Rae1 Rc2 31. a3 Rc3 32. Re8+ Rxe8 33. Rxe8+ Kh7
34. Ra8 Rxa3 35. Nxf7 Ra1+ 36. Kh2 Ra4 37. Nd6 Bb5 38. Rxa4 Bxa4 39. g3 hxg3+
40. Kxg3 Bd7 41. Nc4 g5 42. h4 Kh6 43. Ne5 Be6 44. c6 Kh5 45. hxg5 Kxg5 46. c7
Kf6 47. Nc6 1-0

[Event "31è Open International d'Avoine 2016"]
[Site "Avoine"]
[Date "2016.07.23"]
[Round "6.7"]
[White "Ravot, Sylvain"]
[Black "Haub, Thorsten Michael"]
[Result "0-1"]
[WhiteElo "2231"]
[BlackElo "2363"]
[PlyCount "172"]
[EventDate "2016.??.??"]

1. e4 g6 2. d4 Bg7 3. Nf3 d6 4. Bc4 Nf6 5. Qe2 c6 6. Bb3 e5 7. dxe5 dxe5 8. O-O
Qe7 9. Nbd2 O-O 10. Nc4 Nbd7 11. Rd1 Nc5 12. Bg5 h6 13. Bh4 Bg4 14. Bxf6 Qxf6
15. Qe3 Bxf3 16. Qxf3 Qxf3 17. gxf3 Rad8 18. Na5 Bf6 19. Bc4 Rxd1+ 20. Rxd1 Rd8
21. Bd3 Rd7 22. b4 Ne6 23. Be2 Rxd1+ 24. Bxd1 Nd8 25. Be2 Bg5 26. b5 cxb5 27.
Bxb5 Kf8 28. Bc4 b6 29. Nb3 Ke7 30. Bd5 Kd6 31. Kf1 Bf4 32. h3 b5 33. Na5 Kc7
34. Ke2 Kb6 35. Nb3 a5 36. c3 f6 37. Kd3 a4 38. Na1 h5 39. Nc2 Bh6 40. Nb4 Bf8
41. Nc2 Bc5 42. Ke2 g5 43. Kf1 h4 44. Ke2 Nc6 45. Kf1 Ne7 46. Bf7 Nc8 47. Ke2
Kc7 48. Be6 Nd6 49. Bd5 Kd7 50. Ne1 Nc8 51. Nd3 Bf8 52. Kd2 Kc7 53. Be6 Na7 54.
Bd5 Kb6 55. Be6 Nc6 56. Bd7 Nb8 57. Be8 Ka5 58. Kc2 Na6 59. Bd7 Ba3 60. Be8 Bd6
61. Bd7 Nc7 62. Kd1 Be7 63. Kc2 Bf8 64. Kd1 b4 65. cxb4+ Bxb4 66. Kc2 Nb5 67.
Nb2 Nd4+ 68. Kd3 Nxf3 69. Nc4+ Ka6 70. Ne3 a3 71. Nd5 Bc5 72. Nxf6 Ng1 73. Nh7
Be7 74. Kc4 Ne2 75. Kd5 Nc3+ 76. Kxe5 Nxa2 77. Kf5 Nc3 78. Be6 Nb5 79. Bd5 Nd6+
80. Ke6 g4 81. e5 gxh3 82. Kxe7 Nc8+ 83. Kd8 Nb6 84. Bb3 h2 85. e6 h1=Q 86. e7
Qa8+ 0-1

[Event "31è Open International d'Avoine 2016"]
[Site "Avoine"]
[Date "2016.07.23"]
[Round "6.8"]
[White "Meunier-Pion, Jean"]
[Black "Braeuning, Rudolf Wilhelm"]
[Result "0-1"]
[WhiteElo "2211"]
[BlackElo "2358"]
[PlyCount "65"]
[EventDate "2016.??.??"]

1. e4 e6 2. d4 d5 3. Nc3 Nf6 4. e5 Ne4 5. Bd3 Bb4 6. Qg4 g6 7. Bxe4 h5 8. Qe2
dxe4 9. Qxe4 Bd7 10. Qd3 c5 11. a3 Bxc3+ 12. bxc3 Qa5 13. Bd2 Qa4 14. Rb1 c4
15. Qf3 Qxc2 16. Qxb7 O-O 17. Rb2 Bc6 18. Rxc2 Bxb7 19. f3 Nd7 20. Nh3 Rab8 21.
Kf2 Bc6 22. a4 Rb3 23. Ra1 a5 24. Ng5 Kg7 25. Ne4 Bxe4 26. fxe4 f6 27. exf6+
Nxf6 28. Kf3 g5 29. Bxg5 Nd5+ 30. Kg3 Nxc3 31. Kh4 Kg6 32. g3 Nxe4 33. Bf4 0-1

[Event "31è Open International d'Avoine 2016"]
[Site "Avoine"]
[Date "2016.07.23"]
[Round "6.9"]
[White "Bujisho, Benjamin"]
[Black "Le Borgne, Pierre"]
[Result "1/2-1/2"]
[WhiteElo "2354"]
[BlackElo "2247"]
[PlyCount "79"]
[EventDate "2016.??.??"]

1. e4 g6 2. Nc3 Bg7 3. g3 d6 4. Bg2 Nf6 5. f4 e5 6. d3 O-O 7. fxe5 dxe5 8. Nf3
c6 9. O-O Nbd7 10. Kh1 Qe7 11. Qe2 Re8 12. Nd1 Nf8 13. Ne3 Ng4 14. Nc4 Be6 15.
b3 b5 16. Ba3 c5 17. Ne3 Nxe3 18. Qxe3 Rac8 19. Bb2 f6 20. a4 b4 21. Rf2 Bf7
22. Raf1 Be6 23. h4 h5 24. Kh2 Bg4 25. Bh3 Bxh3 26. Kxh3 Ne6 27. Nd2 Nd4 28.
Nc4 Rc6 29. Kg2 Kh7 30. Bc1 Qe6 31. Qe1 Rd8 32. Ne3 Rdd6 33. Kh2 Rd7 34. Qd1
Rdd6 35. Rg2 Rc8 36. Nc4 Rd7 37. g4 hxg4 38. Rxg4 Rh8 39. Ne3 Kg8 40. Ng2
1/2-1/2

[Event "31è Open International d'Avoine 2016"]
[Site "Avoine"]
[Date "2016.07.23"]
[Round "6.10"]
[White "Gvanceladze, Anna"]
[Black "Stephan, Victor"]
[Result "1/2-1/2"]
[WhiteElo "2179"]
[BlackElo "2353"]
[PlyCount "96"]
[EventDate "2016.??.??"]

1. d4 Nf6 2. Nf3 e6 3. Bf4 d5 4. e3 c5 5. c3 Nc6 6. Nbd2 Bd6 7. Bg3 O-O 8. Bd3
b6 9. Ne5 Ne7 10. O-O Bb7 11. Qe2 Nf5 12. Bf4 Be7 13. a4 a6 14. Rfb1 c4 15. Bc2
Nd6 16. b3 b5 17. bxc4 bxc4 18. Nexc4 dxc4 19. Bxd6 Bxd6 20. Rxb7 Rc8 21. Nxc4
Bb8 22. e4 Ne8 23. Rab1 Nd6 24. Nxd6 Qxd6 25. e5 Qc6 26. Qe4 Qxe4 27. Bxe4 Bc7
28. R7b3 Ba5 29. Bb7 Rxc3 30. Bxa6 Rxb3 31. Rxb3 Rd8 32. Kf1 Rxd4 33. Rb8+ Rd8
34. Rxd8+ Bxd8 35. f4 g5 36. g3 gxf4 37. gxf4 Kg7 38. Bd3 f6 39. exf6+ Kxf6 40.
Bxh7 Bc7 41. Kg2 Bxf4 42. a5 Be3 43. a6 Kg7 44. Bd3 e5 45. Kf3 Bb6 46. h4 e4+
47. Kxe4 Kh8 48. h5 Ba7 1/2-1/2

[Event "31è Open International d'Avoine 2016"]
[Site "Avoine"]
[Date "2016.07.23"]
[Round "6.11"]
[White "Eugene, Floryan"]
[Black "Burri, Quentin"]
[Result "0-1"]
[WhiteElo "2199"]
[BlackElo "2294"]
[PlyCount "84"]
[EventDate "2016.??.??"]

1. e4 c5 2. Nf3 d6 3. Bc4 Nf6 4. d3 e6 5. Bb3 Be7 6. O-O O-O 7. c3 Nc6 8. Re1
b6 9. d4 Bb7 10. Nbd2 cxd4 11. cxd4 Nb4 12. Re3 Rc8 13. a3 Nc6 14. Ba2 a5 15.
Nf1 e5 16. d5 Nb8 17. Ng3 g6 18. Bd2 Nbd7 19. b4 axb4 20. axb4 Ne8 21. Ra3 Ng7
22. Ra7 Rb8 23. Bc4 f5 24. Qa4 f4 25. Ne2 g5 26. Ba6 Bxa6 27. Qxa6 g4 28. Rc1
gxf3 29. Rcc7 fxe2 30. Rxd7 Qc8 31. Qxe2 Bf6 32. Qg4 Rf7 33. Rac7 Qxc7 34. Rxc7
Rxc7 35. h4 Rc2 36. h5 h6 37. Be1 Rc1 38. Kf1 Ra8 39. Qg6 Raa1 40. Ke2 Rxe1+
41. Kf3 Ra3+ 42. Kg4 Be7 0-1

[Event "31è Open International d'Avoine 2016"]
[Site "Avoine"]
[Date "2016.07.23"]
[Round "6.12"]
[White "Godart, Francois"]
[Black "Caille, Hugo"]
[Result "1-0"]
[WhiteElo "2393"]
[BlackElo "2053"]
[PlyCount "73"]
[EventDate "2016.??.??"]

1. d4 Nf6 2. Nf3 e6 3. Nbd2 d5 4. e3 c5 5. c3 Nc6 6. Bd3 Bd6 7. O-O O-O 8. dxc5
Bxc5 9. b4 Bd6 10. Bb2 Qe7 11. Re1 Rd8 12. Qc2 e5 13. e4 dxe4 14. Nxe4 Bg4 15.
Nxf6+ Qxf6 16. Bxh7+ Kh8 17. Be4 Rac8 18. Qa4 a6 19. b5 axb5 20. Qxb5 Ne7 21.
Rad1 Be6 22. a3 Rc5 23. Qxc5 Bxc5 24. Rxd8+ Ng8 25. Rb8 b6 26. Bc1 Bf5 27. Bg5
Qe6 28. Bxf5 Qxf5 29. Rxe5 Qb1+ 30. Re1 Qc2 31. Be3 Qxc3 32. Bd2 Qxa3 33. Ree8
Kh7 34. Rxg8 Qa1+ 35. Be1 Qb1 36. Rh8+ Kg6 37. Rbe8 1-0

[Event "31è Open International d'Avoine 2016"]
[Site "Avoine"]
[Date "2016.07.23"]
[Round "6.13"]
[White "Marimoutou, Loic"]
[Black "Lerch, Patrice"]
[Result "0-1"]
[WhiteElo "2077"]
[BlackElo "2392"]
[PlyCount "62"]
[EventDate "2016.??.??"]

1. e4 c5 2. Nc3 a6 3. f4 b5 4. Nf3 Bb7 5. d3 e6 6. Be2 d5 7. e5 Nh6 8. O-O Be7
9. Qe1 O-O 10. Bd1 Nf5 11. Ne2 Nh4 12. Ng3 Nc6 13. Be3 Qb6 14. Nh5 Ng6 15. Qg3
Rac8 16. h4 d4 17. Bf2 Nb4 18. Ng5 Qc6 19. Bf3 Qc7 20. Bd1 Kh8 21. a3 Nd5 22.
Bf3 f6 23. Nxh7 Kxh7 24. Nxg7 Rg8 25. exf6 Nxf6 26. Bxb7 Qxb7 27. Nxe6 Nh5 28.
Qg4 Ngxf4 29. Qf5+ Rg6 30. Qf7+ Kh8 31. Nxf4 Nxf4 0-1

[Event "31è Open International d'Avoine 2016"]
[Site "Avoine"]
[Date "2016.07.23"]
[Round "6.14"]
[White "Ollier, Pablo"]
[Black "Simon, Daniel"]
[Result "0-1"]
[WhiteElo "2362"]
[BlackElo "2060"]
[PlyCount "66"]
[EventDate "2016.??.??"]

1. d4 d5 2. c4 e6 3. Nc3 f5 4. Bf4 c6 5. e3 Nf6 6. Nf3 Be7 7. Qc2 Ne4 8. Bd3
Nd7 9. g4 Qa5 10. gxf5 exf5 11. Ke2 Ndf6 12. Ne5 g5 13. Bg3 Rf8 14. f3 Nxc3+
15. bxc3 Nh5 16. Rab1 Bd6 17. cxd5 Qxd5 18. Bc4 Qa5 19. Kf2 Qc7 20. f4 Nf6 21.
Bd3 gxf4 22. exf4 Bxe5 23. Rhe1 Ng4+ 24. Kf1 Be6 25. h3 O-O-O 26. fxe5 Ne3+ 27.
Rxe3 f4 28. Bxf4 Rxf4+ 29. Kg1 Rg8+ 30. Kh2 Qf7 31. Re2 Rf3 32. Rg2 Qf4+ 33.
Kg1 Rxg2+ 0-1

[Event "31è Open International d'Avoine 2016"]
[Site "Avoine"]
[Date "2016.07.23"]
[Round "6.15"]
[White "Bourgois, Bastien"]
[Black "Mancini, Mario"]
[Result "1/2-1/2"]
[WhiteElo "2042"]
[BlackElo "2278"]
[PlyCount "123"]
[EventDate "2016.??.??"]

1. d4 Nf6 2. c4 e6 3. Nc3 Bb4 4. Qc2 Nc6 5. Nf3 d6 6. Bd2 O-O 7. a3 Bxc3 8.
Bxc3 Re8 9. Rd1 Qe7 10. e3 a5 11. b3 e5 12. d5 Nb8 13. Be2 Nbd7 14. b4 axb4 15.
axb4 c5 16. dxc6 bxc6 17. O-O Bb7 18. c5 d5 19. Ra1 Ne4 20. Bb2 h6 21. Nd2 Nxd2
22. Qxd2 Reb8 23. Qc3 f6 24. Rfc1 Qd8 25. b5 Rxa1 26. Rxa1 Ra8 27. Rxa8 Qxa8
28. Bg4 Nf8 29. b6 Qa2 30. Bf5 Kf7 31. f4 e4 32. Qc1 g6 33. Bh3 Qb3 34. g4 Ne6
35. Bc3 Nxc5 36. Bxf6 Ne6 37. Qc3 Qd1+ 38. Bf1 Ba6 39. Qa1 Qxa1 40. Bxa1 Bb7
41. Be5 Nc5 42. Kf2 Nd7 43. Bc7 Ke7 44. h4 Nc5 45. Bh3 Nd7 46. g5 hxg5 47. fxg5
Nc5 48. Bg4 Nd3+ 49. Ke2 c5 50. Kd2 d4 51. h5 gxh5 52. Bxh5 Nb2 53. exd4 cxd4
54. Kc2 Nc4 55. Be2 Ne3+ 56. Kd2 Ke6 57. Bf4 Nd5 58. Bg4+ Kf7 59. Be5 Kg6 60.
Bxd4 Kxg5 61. Be2 Kf4 62. Bc4 1/2-1/2

[Event "31è Open International d'Avoine 2016"]
[Site "Avoine"]
[Date "2016.07.23"]
[Round "6.16"]
[White "Doluhanova, Evgeniya"]
[Black "Podvin, Antoine"]
[Result "1-0"]
[WhiteElo "2269"]
[BlackElo "2038"]
[PlyCount "75"]
[EventDate "2016.??.??"]

1. e4 d5 2. exd5 Nf6 3. d4 Bg4 4. Be2 Bxe2 5. Nxe2 Qxd5 6. O-O Nc6 7. b3 e6 8.
c4 Qh5 9. Be3 Bd6 10. h3 O-O-O 11. Nd2 g5 12. Ng3 Qg6 13. Qb1 g4 14. h4 Bb4 15.
Bg5 Be7 16. d5 exd5 17. Nf5 Bb4 18. Ne3 Bc3 19. cxd5 Ne7 20. Qxg6 hxg6 21. Rad1
Nfxd5 22. Ne4 Bb4 23. a3 Bxa3 24. Ra1 Bb4 25. Rxa7 Nxe3 26. fxe3 f5 27. Ra4
fxe4 28. Rxb4 Rde8 29. Rxe4 Nd5 30. Ra4 b6 31. Rf7 Kb8 32. Rc4 g3 33. e4 b5 34.
Rc5 Nb6 35. Rcxc7 Nc8 36. Rb7+ Ka8 37. Bf4 Rxe4 38. Rb8# 1-0

[Event "31è Open International d'Avoine 2016"]
[Site "Avoine"]
[Date "2016.07.23"]
[Round "6.17"]
[White "Giacomini, Hector"]
[Black "Maloberti, David"]
[Result "1/2-1/2"]
[WhiteElo "2239"]
[BlackElo "2029"]
[PlyCount "109"]
[EventDate "2016.??.??"]

1. d4 Nf6 2. c4 g6 3. Nc3 Bg7 4. e4 d6 5. f3 c5 6. dxc5 dxc5 7. Qxd8+ Kxd8 8.
Be3 Nfd7 9. Nge2 b6 10. O-O-O Ba6 11. b3 e6 12. f4 Ke7 13. g3 Bb7 14. Bg2 Nf6
15. h3 Rd8 16. Rxd8 Kxd8 17. Rd1+ Ke7 18. Bh1 Ne8 19. Kc2 Nd7 20. e5 Bxh1 21.
Rxh1 f6 22. exf6+ Ndxf6 23. Rd1 Nd6 24. Ng1 Nfe4 25. Nxe4 Nxe4 26. Ne2 h5 27.
Rd3 Nd6 28. Bf2 Bf6 29. Be1 Nf5 30. Bc3 Bxc3 31. Kxc3 Rh8 32. a3 a5 33. Kd2 a4
34. Kc3 Ra8 35. b4 Nd6 36. Re3 cxb4+ 37. Kxb4 Rc8 38. Rc3 Kf6 39. Nd4 e5 40.
fxe5+ Kxe5 41. Nb5 Nxb5 42. Kxb5 Kd4 43. Rf3 g5 44. h4 Rc5+ 45. Kxb6 Kxc4 46.
hxg5 Rxg5 47. Kc6 Rg6+ 48. Kb7 Rh6 49. Kc7 h4 50. Rf4+ Kb3 51. Rf3+ Kb2 52.
gxh4 Rxh4 53. Kb6 Rh5 54. Ka6 Rc5 55. Kb6 1/2-1/2

[Event "31è Open International d'Avoine 2016"]
[Site "Avoine"]
[Date "2016.07.23"]
[Round "6.18"]
[White "Midy, Robin"]
[Black "Lukasiewicz, Grzegorz"]
[Result "1-0"]
[WhiteElo "2006"]
[BlackElo "2211"]
[PlyCount "37"]
[EventDate "2016.??.??"]

1. d4 Nf6 2. Bg5 e6 3. Nd2 h6 4. Bh4 c5 5. e4 cxd4 6. e5 g5 7. Bg3 Nd5 8. h4 g4
9. Qxg4 Nc6 10. Ngf3 Qb6 11. Bd3 Qxb2 12. O-O Nc3 13. Nc4 Qb4 14. Nd6+ Bxd6 15.
exd6 b5 16. Ne5 Bb7 17. Nxf7 Rf8 18. Qg7 Qc5 19. Bg6 1-0

[Event "31è Open International d'Avoine 2016"]
[Site "Avoine"]
[Date "2016.07.23"]
[Round "6.19"]
[White "Dupont, Arthur"]
[Black "Bouget, Alexandre"]
[Result "0-1"]
[WhiteElo "1937"]
[BlackElo "2196"]
[PlyCount "50"]
[EventDate "2016.??.??"]

1. d4 d5 2. Nf3 Nc6 3. Bf4 Bg4 4. e3 e6 5. Nbd2 Bd6 6. Bg3 Nge7 7. Be2 f6 8. c4
Qd7 9. Qc2 Bf5 10. Qa4 g5 11. c5 Bxg3 12. hxg3 h5 13. b4 Kf7 14. O-O-O a6 15.
Rh2 b5 16. cxb6 cxb6 17. Kb2 b5 18. Qb3 Qd6 19. a3 a5 20. bxa5 Rxa5 21. Ne1 h4
22. Ndf3 Rha8 23. Ra1 hxg3 24. fxg3 Qxg3 25. Bxb5 Rxb5 0-1

[Event "31è Open International d'Avoine 2016"]
[Site "Avoine"]
[Date "2016.07.23"]
[Round "6.20"]
[White "Djidjeli, Sofiane"]
[Black "Ronce, Nathan"]
[Result "1/2-1/2"]
[WhiteElo "1930"]
[BlackElo "2122"]
[PlyCount "82"]
[EventDate "2016.??.??"]

1. e4 c5 2. Nf3 e6 3. b3 b6 4. Bb2 Bb7 5. Qe2 d5 6. exd5 Bxd5 7. Nc3 Bb7 8.
O-O-O a6 9. d4 cxd4 10. Nxd4 Qg5+ 11. Kb1 Be7 12. h4 Qf4 13. g3 Qc7 14. Rg1 Nd7
15. Bh3 Qe5 16. Qd2 O-O-O 17. Rge1 Qa5 18. Bxe6 fxe6 19. Nxe6 Ngf6 20. Nxd8
Bxd8 21. Qe2 Re8 22. Qc4+ Qc5 23. Rxe8 Nxe8 24. Qd3 Nef6 25. Na4 Qe7 26. f3 Bc7
27. Bc3 Kb8 28. Re1 Qd6 29. Bxf6 Nxf6 30. Qxd6 Bxd6 31. Nxb6 Bxg3 32. Re7 Bxh4
33. Rxg7 Bxf3 34. Rf7 Bc6 35. Nc4 h5 36. Ne5 Bd5 37. Rxf6 Bxf6 38. Nd7+ Kc7 39.
Nxf6 Bf3 40. Nxh5 Bxh5 41. a4 a5 1/2-1/2

[Event "31è Open International d'Avoine 2016"]
[Site "Avoine"]
[Date "2016.07.23"]
[Round "6.21"]
[White "Grigorian, Roudolph"]
[Black "Ghazaleh, Wissam"]
[Result "1-0"]
[WhiteElo "2110"]
[BlackElo "1813"]
[PlyCount "77"]
[EventDate "2016.??.??"]

1. Nc3 Nf6 2. e4 e5 3. g3 Bc5 4. Bg2 O-O 5. d3 d6 6. Na4 Bb6 7. Nxb6 axb6 8. f4
exf4 9. Bxf4 d5 10. e5 Re8 11. Ne2 Nfd7 12. d4 c6 13. O-O f6 14. exf6 Nxf6 15.
Bg5 Bg4 16. Bxf6 gxf6 17. Bf3 f5 18. Nf4 Qg5 19. h4 Qg7 20. Bxg4 Qxg4 21. Nh5
Nd7 22. Qxg4+ fxg4 23. Rae1 Rf8 24. Re7 Rxf1+ 25. Kxf1 Rf8+ 26. Ke2 Nf6 27.
Nxf6+ Rxf6 28. Rxb7 b5 29. Rc7 h6 30. b3 Kf8 31. a4 bxa4 32. bxa4 Ke8 33. a5
Kd8 34. Rg7 c5 35. dxc5 Rc6 36. Kd3 Ra6 37. Rxg4 Rxa5 38. Rg6 Rxc5 39. Rxh6 1-0

[Event "31è Open International d'Avoine 2016"]
[Site "Avoine"]
[Date "2016.07.23"]
[Round "6.22"]
[White "Patarin, Arnaud"]
[Black "Viers, Emmanuel"]
[Result "1/2-1/2"]
[WhiteElo "1775"]
[BlackElo "2095"]
[PlyCount "115"]
[EventDate "2016.??.??"]

1. c4 e5 2. Nc3 Nf6 3. g3 d5 4. cxd5 Nxd5 5. Bg2 Nb6 6. Nf3 Nc6 7. O-O Be7 8.
d3 Be6 9. a3 O-O 10. Be3 Nd5 11. Nxd5 Bxd5 12. Rc1 a5 13. Bc5 a4 14. Bxe7 Qxe7
15. Qc2 f6 16. Qc5 Qd8 17. Qe3 Ra5 18. Rc5 b6 19. Rxa5 Nxa5 20. h4 Nb3 21. h5
Qd7 22. Nh4 Bxg2 23. Kxg2 Qd4 24. Qxd4 Nxd4 25. e3 Nb3 26. f4 exf4 27. gxf4 Rd8
28. d4 Rd5 29. f5 Rb5 30. Rf2 Kf7 31. Kf3 c5 32. d5 Na5 33. Rc2 Nb7 34. Ng2 Nd6
35. Nf4 Nxf5 36. Rc4 Ra5 37. Ne6 Ne7 38. e4 Nc8 39. Nd8+ Ke8 40. Nc6 Ra8 41. e5
fxe5 42. Re4 Nd6 43. Rxe5+ Kf8 44. Re6 Nf7 45. Re7 Re8 46. Rb7 Ne5+ 47. Kg3 Nc4
48. Ra7 b5 49. Rb7 Re3+ 50. Kf4 Rd3 51. Rb8+ Kf7 52. Ne5+ Nxe5 53. Kxe5 b4 54.
axb4 Rb3 55. Rb7+ Kf8 56. Rb8+ Kf7 57. Rb7+ Kf8 58. Rb8+ 1/2-1/2

[Event "31è Open International d'Avoine 2016"]
[Site "Avoine"]
[Date "2016.07.23"]
[Round "6.23"]
[White "Ruhlmann, Helene"]
[Black "Bressy, Theo"]
[Result "0-1"]
[WhiteElo "1730"]
[BlackElo "2092"]
[PlyCount "38"]
[EventDate "2016.??.??"]

1. Nf3 g6 2. g3 Bg7 3. Bg2 e5 4. e4 Ne7 5. c3 O-O 6. d4 exd4 7. cxd4 d5 8. exd5
Nxd5 9. O-O Nc6 10. Nc3 Nb6 11. Ne2 Bg4 12. Bf4 Nd5 13. Be5 Nxe5 14. Nxe5 Be6
15. Rc1 c6 16. a3 Qb6 17. b4 Rad8 18. Rc5 Bxe5 19. dxe5 Nxb4 0-1

[Event "31è Open International d'Avoine 2016"]
[Site "Avoine"]
[Date "2016.07.23"]
[Round "6.24"]
[White "Djuric, Stefan"]
[Black "Peignelin, Alexandre"]
[Result "1-0"]
[WhiteElo "2420"]
[BlackElo "1720"]
[PlyCount "57"]
[EventDate "2016.??.??"]

1. e4 c5 2. Nf3 d6 3. c3 Nf6 4. g3 Nbd7 5. d3 b5 6. Bg2 Bb7 7. O-O g6 8. a4 a6
9. axb5 axb5 10. Rxa8 Qxa8 11. Na3 Bc6 12. Qb3 c4 13. dxc4 Nc5 14. Qd1 Bxe4 15.
Nxb5 Qb7 16. b4 Nd3 17. Qa4 Nd7 18. Qa5 Qb6 19. Be3 Qxa5 20. bxa5 N7c5 21. Bd4
e5 22. Bxc5 Nxc5 23. Rd1 Bxf3 24. Bxf3 Kd7 25. Bd5 f5 26. Ra1 Na6 27. Bb7 Nc5
28. a6 Bh6 29. Bd5 1-0

[Event "31è Open International d'Avoine 2016"]
[Site "Avoine"]
[Date "2016.07.23"]
[Round "6.25"]
[White "Viers, Matthieu"]
[Black "Dumitrache, Dragos-Nicolae"]
[Result "0-1"]
[WhiteElo "1915"]
[BlackElo "2416"]
[PlyCount "72"]
[EventDate "2016.??.??"]

1. e4 c5 2. Nc3 Nc6 3. g3 g6 4. Bg2 Bg7 5. Nge2 d6 6. d3 Nf6 7. O-O O-O 8. f4
Rb8 9. Nd5 Bg4 10. c3 Nd7 11. Ne3 Bxe2 12. Qxe2 e6 13. a4 a6 14. f5 Nde5 15.
Nc2 b5 16. d4 cxd4 17. cxd4 Nc4 18. e5 dxe5 19. Bxc6 exd4 20. Be4 exf5 21. Bd3
Re8 22. Qd1 Ne3 23. Nxe3 dxe3 24. Qe2 h5 25. Rf3 Bd4 26. axb5 axb5 27. Rb1 Qd5
28. Rf1 h4 29. Rf4 h3 30. Rxd4 Qxd4 31. b4 Rbd8 32. Bc2 f4 33. gxf4 Qxf4 34.
Rb3 Qg5+ 35. Kf1 Qg2+ 36. Ke1 Rd2 0-1

[Event "31è Open International d'Avoine 2016"]
[Site "Avoine"]
[Date "2016.07.23"]
[Round "6.26"]
[White "Neau, Julien"]
[Black "Deslandes, Pascal"]
[Result "0-1"]
[WhiteElo "1901"]
[BlackElo "2302"]
[PlyCount "58"]
[EventDate "2016.??.??"]

1. d4 Nf6 2. c4 g6 3. Nc3 Bg7 4. e4 d6 5. Nge2 O-O 6. Ng3 e5 7. d5 a5 8. h4 Na6
9. Be2 Nc5 10. h5 c6 11. hxg6 fxg6 12. Be3 Bd7 13. Qc2 cxd5 14. Bxc5 dxc5 15.
Nxd5 Nxd5 16. cxd5 Rc8 17. b3 Qg5 18. a4 h5 19. Bc4 Bh6 20. Qd3 h4 21. Ne2 Qxg2
22. Rg1 Qxf2+ 23. Kd1 Kh7 24. d6 Bc6 25. Bd5 Rf3 26. Qc4 Qe3 27. Ra2 Rd8 28.
Bxc6 bxc6 29. Qe6 Qd3+ 0-1

[Event "31è Open International d'Avoine 2016"]
[Site "Avoine"]
[Date "2016.07.23"]
[Round "6.27"]
[White "Frick, Christoph"]
[Black "Lombart, Philippe"]
[Result "1/2-1/2"]
[WhiteElo "2245"]
[BlackElo "1891"]
[PlyCount "93"]
[EventDate "2016.??.??"]

1. Nc3 Nf6 2. e4 e5 3. g3 g6 4. Bg2 Bg7 5. d3 h6 6. f4 d6 7. Nf3 Bg4 8. h3 Bxf3
9. Qxf3 Nbd7 10. Be3 c6 11. O-O O-O 12. Qf2 Nh7 13. Qd2 h5 14. Rf2 exf4 15.
Bxf4 Be5 16. Raf1 Qe7 17. d4 Bxf4 18. Rxf4 f6 19. Kh2 Ng5 20. Qd3 Qg7 21. R4f2
Rae8 22. Qc4+ Qf7 23. Qb4 c5 24. Qxb7 cxd4 25. Nd5 Nxe4 26. Bxe4 Rxe4 27. Nf4
Nc5 28. Qc6 Re5 29. Qxd6 Ne4 30. Qxd4 Nxf2 31. Rxf2 Rfe8 32. c4 Re4 33. Qd3
Qxc4 34. Qxc4+ Rxc4 35. Nxg6 Kf7 36. Nf4 Re5 37. h4 Rec5 38. Kh3 Rc2 39. Rf1
Rd2 40. g4 hxg4+ 41. Kxg4 Rxb2 42. Nd3 Rc4+ 43. Kg3 Rc3 44. Rf3 Rxd3 45. Rxd3
Rxa2 46. Kg4 Ra5 47. h5 1/2-1/2